[Event "Ufa"]
[Site "Ufa"]
[Date "1993.??.??"]
[Round "?"]
[White "Fedorov, Alexei"]
[Black "Ibragimov, Ildar"]
[Result "1-0"]
[WhiteElo "2490"]
[BlackElo "2550"]

1.e4 d6 2.d4 g6 3.Nf3 Bg7 4.c3 Nf6 5.Bd3 O-O 6.O-O c5 7.h3 Nc6 8.d5 Na5 9.c4 a6
10.Nbd2 b5 11.cxb5 axb5 12.Bxb5 Qb6 13.Be2 Ba6 14.Rb1 Nh5 15.g3 c4 16.Kg2 Rfc8
17.Ne1 Nf6 18.b4 cxb3 19.axb3 Nd7 20.b4 Bxe2 21.Qxe2 Nc4 22.Nxc4 Qb5 23.Nf3 Nb6
24.Bg5 Nxc4 25.Bxe7 Ra3 26.Rfe1 Rc3 27.Rec1 h6 28.Rxc3 Bxc3 29.g4 Re8 30.Rb3 Bg7
31.Bh4 Qxd5 32.exd5 Rxe2 33.b5 g5 34.Bg3 Rb2 35.Rxb2 Bxb2 36.Kf1  1-0

[Event "Ufa"]
[Site "Ufa"]
[Date "1993.??.??"]
[Round "?"]
[White "Ibragimov, Ildar"]
[Black "Kalegin, Evgenij"]
[Result "1/2-1/2"]
[WhiteElo "2540"]
[BlackElo "2355"]

1.c4 e5 2.Nc3 Nf6 3.g3 d6 4.Bg2 g6 5.Nf3 Bg7 6.O-O O-O 7.d4 Nbd7 8.h3 c6
9.e4 Qa5 10.Qc2 Nb6 11.dxe5 dxe5 12.b3 Re8 13.Be3 Nbd7 14.Nd2 Qc7 15.c5 Bf8
16.b4 b6 17.cxb6 axb6 18.Rfb1 Ba6 19.a4 Qd6 20.Qb3 Bd3 21.Rb2 Reb8 22.Rd1 Qe6
23.Qxe6 fxe6 24.Nf3 Bc4 25.Bg5 Bg7 26.Rd6 Rc8 27.Bf1 Bxf1 28.Kxf1 Nf8 29.Be3 Ne8
30.Rd3 c5 31.b5 Kf7 32.Rd1 h6 33.Rbd2 Ke7 34.Ne1 Ra7 35.Nc2 Rd7 36.Na3 Rxd2
37.Rxd2 Nd6 38.Ke2 Nd7 39.Kd3 c4+ 40.Kc2 Nb7 41.Kb2 Bf8 42.Rc2 Ke8 43.Ncb1 Na5
44.Bd2 Nc5 45.Bxa5 Nxa4+ 46.Kc1 bxa5 47.Nxc4 Bc5 48.b6  1/2-1/2

[Event "Ufa"]
[Site "Ufa"]
[Date "1993.??.??"]
[Round "?"]
[White "Ibragimov, Ildar"]
[Black "Potapov, Alexander"]
[Result "1/2-1/2"]
[WhiteElo "2540"]
[BlackElo "2380"]

1.d4 f5 2.g3 Nf6 3.Bg2 g6 4.Nf3 Bg7 5.O-O O-O 6.c4 d6 7.Nc3 Qe8 8.b3 e5 9.dxe5 dxe5
10.Ba3 Rf7 11.e4 Nc6 12.Re1 f4 13.h3 fxg3 14.fxg3 Be6 15.Nd5 Nh5 16.Ng5 Rd7
17.Nxe6 Qxe6 18.Qg4 Nd4 19.Rad1 Re8 20.Bb2 c6 21.Ne3 Rf7 22.Bxd4 exd4 23.Nf5 Nf6
24.Nxg7 Qe5 25.Qf4 Kxg7 26.Qxe5 Rxe5 27.Rxd4 Rfe7 28.Rd2 h5 29.b4 R5e6 30.a3 Nxe4
31.Bxe4 Rxe4 32.Rxe4 Rxe4 33.Rd7+ Kf6 34.Rxb7 Rxc4 35.Rxa7 Rc1+ 36.Kf2 Rc2+
37.Ke3 Rc3+ 38.Kf2 Ke5 39.Re7+ Kd4 40.a4 Rb3 41.Rb7 Ke4 42.b5 cxb5 43.Rxb5 Rf3+
44.Kg2 Ra3 45.Rb4+ Ke3 46.h4 Ra2+ 47.Kh3 Kf2 48.g4 Ra3+ 49.Kh2 Kf3  1/2-1/2

[Event "Ufa"]
[Site "Ufa"]
[Date "1993.??.??"]
[Round "?"]
[White "Ibragimov, Ildar"]
[Black "Bezgodov, Alexei"]
[Result "1-0"]
[WhiteElo "2540"]
[BlackElo "2345"]

1.d4 Nf6 2.c4 d6 3.Nc3 Nbd7 4.e4 e5 5.Nf3 Be7 6.Be2 O-O 7.O-O c6 8.Qc2 a6
9.Rd1 Qc7 10.Rb1 Re8 11.b4 Bf8 12.Bg5 b5 13.Rbc1 Bb7 14.cxb5 cxb5 15.d5 h6
16.Bh4 Rac8 17.Qb1 Qb8 18.Nd2 Be7 19.Bg3 Rc7 20.a4 Rec8 21.Qb2 bxa4 22.Nxa4 Qa7
23.Rxc7 Rxc7 24.Rc1 Rxc1+ 25.Qxc1 Bd8 26.Qc3 Qb8 27.f3 Nb6 28.Nb2 Bxd5 29.exd5 Nbxd5
30.Qb3 Nxb4 31.Ndc4 a5 32.Nd3 Bc7 33.Nxb4 axb4 34.Ne3 Bb6 35.Bf2 Qa7 36.Bc4 Qa1+
37.Nf1 Bxf2+ 38.Kxf2 Qd4+ 39.Ne3 Qd2+ 40.Kf1 d5 41.Nxd5 Qc1+ 42.Ke2 Nxd5
43.Bxd5 Qg1 44.Bxf7+ Kf8 45.Bd5 Qxg2+ 46.Kd3 Qf1+ 47.Ke4 Qe2+ 48.Kf5 Qd2
49.Ke6 Qf4 50.Kd7 g6 51.Qc4 Qxc4 52.Bxc4 g5 53.Ke6 h5 54.h3 e4 55.fxe4 g4
56.Kf6 g3 57.e5 g2 58.e6 Ke8 59.e7 Kd7 60.Be6+ Kc7 61.e8=Q g1=Q 62.Qxh5 Qf2+
63.Ke7 Kb6 64.Qe5 Qh4+  1-0

[Event "Ufa"]
[Site "Ufa"]
[Date "1993.??.??"]
[Round "?"]
[White "Ibragimov, Ildar"]
[Black "Berkovich, Dmitry"]
[Result "0-1"]
[WhiteElo "2540"]
[BlackElo "2465"]

1.c4 d6 2.d4 f5 3.Nc3 Nf6 4.g3 g6 5.Bg2 Bg7 6.Nf3 O-O 7.O-O c6 8.d5 e5 9.dxe6 Bxe6
10.b3 Na6 11.Bf4 Nh5 12.Bd2 f4 13.Rc1 Qe7 14.Ne1 Nc5 15.Bf3 Be5 16.Ng2 Bh3
17.e3 fxg3 18.hxg3 Nf6 19.e4 Rf7 20.Be3 h5 21.Nh4 Kh7 22.Re1 Raf8 23.Bg2 Bxg2
24.Kxg2 Ng4 25.f3 Bxg3 26.fxg4 Qxh4  0-1

[Event "Ufa"]
[Site "Ufa"]
[Date "1993.??.??"]
[Round "?"]
[White "Vasiliev, Rustam N"]
[Black "Ibragimov, Ildar"]
[Result "1/2-1/2"]
[WhiteElo "2380"]
[BlackElo "2540"]

1.d4 Nf6 2.Nf3 g6 3.g3 Bg7 4.Bg2 O-O 5.O-O d6 6.c4 Nbd7 7.Nc3 e5 8.e4 c6
9.h3 Qb6 10.Re1 exd4 11.Nxd4 Ng4 12.Nce2 Nge5 13.b3 Nc5 14.Be3 a5 15.Rb1 Re8
16.Nc3 Qc7 17.Re2 Ned7 18.Qc2 Nf6 19.Rd1 Bd7 20.Red2 Qc8 21.g4 h5 22.g5 Nh7
23.h4 Bh3 24.f3 Bxg2 25.Kxg2 f5 26.gxf6 Bxf6 27.Nde2 Be7 28.Rxd6 Bxd6 29.Rxd6 Ne6
30.e5 Nef8 31.Nf4 Qf5 32.Qxf5 gxf5 33.e6 Re7 34.Nce2 Nf6 35.Rd1 Rxe6 36.Nxe6 Nxe6
37.Nf4 Kf7 38.Bb6 Re8 39.Nxe6 Kxe6 40.Bxa5  1/2-1/2

[Event "Aegina op"]
[Site "Aegina"]
[Date "1994.??.??"]
[Round "3"]
[White "Vouldis, Angelos"]
[Black "Ibragimov, Ildar"]
[Result "0-1"]
[WhiteElo "2300"]
[BlackElo "2480"]

1.e4 d6 2.d4 Nf6 3.Nc3 g6 4.f4 Bg7 5.Nf3 O-O 6.Be2 c5 7.dxc5 Qa5 8.O-O Qxc5+
9.Kh1 Bg4 10.Bd3 Nbd7 11.Qe1 Bxf3 12.Rxf3 Rfc8 13.Be3 Qa5 14.Bd2 Qc7 15.Qh4 a6
16.Rh3 e6 17.Rf1 h5 18.f5 Nh7 19.Rg3 Ne5 20.Bf4 Nf8 21.f6 Qd8 22.Bxe5 dxe5
23.Rh3 Bh6 24.g4 Bd2 25.Ne2 Nh7 26.gxh5 g5 27.Qf2 Kh8 28.h6 Bf4 29.Nxf4 exf4
30.e5 Qd5+ 31.Qg2 Qxe5 32.Bxh7 Kxh7 33.Qxb7 Qxf6 34.c3 Rab8 35.Qxa6 Qf5 36.b3 Qxh3  0-1

[Event "Aegina op"]
[Site "Aegina"]
[Date "1994.??.??"]
[Round "5"]
[White "Moutousis, Konstantinos"]
[Black "Ibragimov, Ildar"]
[Result "0-1"]
[WhiteElo "2425"]
[BlackElo "2480"]

1.d4 d5 2.c4 dxc4 3.e3 Nf6 4.Bxc4 e6 5.Nf3 c5 6.O-O a6 7.a4 Nc6 8.Qe2 cxd4
9.Rd1 Be7 10.exd4 O-O 11.Nc3 Nd5 12.h3 Re8 13.Bb3 b6 14.Bxd5 exd5 15.Ne5 Nb4
16.Qf3 Be6 17.Bf4 Rc8 18.Rd2 Bf8 19.Re2 f6 20.Ng4 Qd7 21.Rd1 Bf5 22.Rde1 Red8
23.Bg3 Bg6 24.Bh4 Qf5 25.Qxf5 Bxf5 26.Ne3 Bg6 27.Rd1 Re8 28.g4 Bd6 29.Kg2 Nc2
30.Rxc2 Rxe3 31.Rcc1 Rd3 32.Rxd3 Bxd3 33.Bg3 Bb4 34.Bf4 Rc4 35.Be3 Kf7 36.f3 Ke6
37.Kf2 a5 38.Ke1 Bxc3+ 39.Rxc3 Rxc3 40.bxc3 Bc2 41.Bf4 Kd7 42.h4 Bxa4 43.Bc1 Kc6
44.Ba3 Kb5 45.Bd6 Kc4 46.Kd2 Kb3 47.Bc7 Bb5 48.Bxb6 a4 49.Kc1 Bd3  0-1

[Event "Aegina op"]
[Site "Aegina"]
[Date "1994.??.??"]
[Round "6"]
[White "Ibragimov, Ildar"]
[Black "Nenashev, Alexander"]
[Result "0-1"]
[WhiteElo "2480"]
[BlackElo "2575"]

1.c4 c5 2.Nf3 Nf6 3.g3 e6 4.Bg2 d5 5.cxd5 exd5 6.d4 Be7 7.O-O O-O 8.Be3 b6
9.Ne5 Bb7 10.Qa4 Qc7 11.Nc3 a6 12.Bf4 Bd6 13.Rac1 h6 14.Nd3 c4 15.Qa3 Rd8
16.Bxd6 Qxd6 17.Qxd6 Rxd6 18.Ne5 Nc6 19.e3 b5 20.b3 Re8 21.f4 cxb3 22.axb3 Nb4
23.Rf2 Ne4 24.Nxe4 dxe4 25.Rc7 Bd5 26.Rf1 Rdd8 27.Rfc1 Bxb3 28.Ra7 Bd5 29.Rb1 Nc2
30.Rxa6 Nxe3 31.Bh3 Nc2 32.Rxb5 Nxd4 33.Rc5 f6 34.Nd7 Bc6 35.Raxc6 Nxc6 36.Rxc6 Re7
37.Rc7 Kh8 38.Kf2 g6 39.Ke3 f5 40.Ne5 Rxc7 41.Nxg6+ Kg7 42.Bxf5 Rc2 43.Ne5 Rxh2
44.Kxe4 Ra2 45.Be6 Ra3 46.g4 Kf6 47.Bc4 Rd1 48.Bd3 Re1+ 49.Kd4 Ra8 50.g5+ hxg5
51.fxg5+ Kg7 52.Nc4 Rd8+ 53.Kc3 Rc1+  0-1

[Event "Aegina op"]
[Site "Aegina"]
[Date "1994.??.??"]
[Round "8"]
[White "Ibragimov, Ildar"]
[Black "Pandavos, Panayotis"]
[Result "1/2-1/2"]
[WhiteElo "2480"]
[BlackElo "2400"]

1.d4 Nf6 2.c4 e5 3.dxe5 Ne4 4.a3 Nc6 5.Nf3 d6 6.exd6 Bxd6 7.Nbd2 Bf5 8.e3 Qe7
9.Be2 O-O-O 10.O-O g5 11.Nd4 Nxd4 12.exd4 Bxh2+ 13.Kxh2 Rxd4 14.Bg4 Qe5+
15.f4 gxf4 16.Nf3 Rxd1 17.Nxe5 Bxg4 18.Rxf4 Nc5 19.Nxg4 Nb3  1/2-1/2

[Event "EUCup Gr4"]
[Site "Balatonbereny"]
[Date "1994.??.??"]
[Round "?"]
[White "Larsson, Per"]
[Black "Ibragimov, Ildar"]
[Result "0-1"]
[WhiteElo "2355"]
[BlackElo "2480"]

1.e4 e5 2.Nf3 Nc6 3.Bb5 a6 4.Ba4 Nf6 5.O-O Be7 6.Re1 b5 7.Bb3 d6 8.c3 O-O
9.d4 Bg4 10.d5 Na5 11.Bc2 c6 12.h3 Bxf3 13.Qxf3 cxd5 14.exd5 Nc4 15.Nd2 Nb6
16.Nf1 Ne8 17.g4 g6 18.Bh6 Ng7 19.Ng3 Rc8 20.Rac1 Kh8 21.Kh2 Bg5 22.Bxg5 Qxg5
23.Ne4 Qe7 24.Nf6 Ne8 25.Nxe8 Rfxe8 26.a4 bxa4 27.Ra1 Rf8 28.Qg3 Qg5 29.Bxa4 f5
30.Bd1 Nxd5 31.Rxa6 Qd2  0-1

[Event "Djakovo op"]
[Site "Djakovo"]
[Date "1994.??.??"]
[Round "5"]
[White "Ibragimov, Ildar"]
[Black "Kovacevic, Blazimir"]
[Result "1/2-1/2"]
[WhiteElo "2525"]
[BlackElo "2350"]

1.c4 e5 2.Nc3 Bb4 3.Nd5 Be7 4.d4 d6 5.e4 Nf6 6.Nxe7 Qxe7 7.f3 exd4 8.Qxd4 Nc6
9.Qc3 O-O 10.Be3 Nd7 11.Ne2 f5 12.exf5 Re8 13.Kf2 Nde5 14.Ng3 Qf7 15.Be2 Bxf5
16.h3 Be6 17.b3 Ng6 18.Rhe1 Rf8 19.Kg1 Nf4 20.Qd2 Ne5 21.Bxf4 Qxf4 22.Qxf4 Rxf4
23.c5 Rd4 24.cxd6 cxd6 25.Rad1 Rxd1 26.Rxd1 Rd8 27.f4 Nc6 28.Ne4 Nb4 29.Ng5 Bf7
30.Bf3 Nxa2 31.Nxf7 Kxf7 32.Ra1 Nc3 33.Rxa7 Rd7 34.Rxb7 Rxb7 35.Bxb7 Ne2+
36.Kf2 Nxf4 37.Ke3 g5 38.b4 Ke6 39.Kd4 d5 40.g3 Ne2+ 41.Kc5 Nxg3 42.Bxd5+ Kd7
43.Bf3 Kc7 44.Kd5 h5 45.Ke5 Kb6 46.Bxh5 Nxh5 47.Kf5 Nf4 48.h4 gxh4  1/2-1/2

[Event "Djakovo op"]
[Site "Djakovo"]
[Date "1994.??.??"]
[Round "6"]
[White "Dabo Peranic, Robert"]
[Black "Ibragimov, Ildar"]
[Result "0-1"]
[WhiteElo "2270"]
[BlackElo "2525"]

1.e4 c6 2.d4 d5 3.e5 Bf5 4.h4 h5 5.c4 e6 6.Nc3 dxc4 7.Bxc4 Nd7 8.Nh3 Be7
9.Bg5 Qb6 10.Qd2 O-O-O 11.Be3 Qb4 12.Qe2 Nb6 13.Bb3 Nh6 14.Ng5 Nd5 15.Bxd5 exd5
16.a3 Qb3 17.Nf3 Bg4 18.Bxh6 Rxh6 19.Qe3 Re6 20.O-O f6 21.Nd2 Qb6 22.f4 g5
23.Na4 Qa6 24.f5 Bxf5 25.Rxf5 Qxa4 26.hxg5 fxe5 27.Rxe5 Bxg5 28.Qf2 Rxe5
29.dxe5 Qf4 30.Nf3 d4 31.Rd1 Be7 32.b4 c5 33.Qc2 Kb8 34.bxc5 Qe3+ 35.Kh1 d3
36.Qb3 Bxc5 37.e6 Be7 38.a4 Qb6 39.Qc4 Qb4 40.Qa2 Qe4 41.Qb3 a5 42.Qb6 Qd5
43.Qe3 Rd6 44.Qf4 Ka7 45.Ne5 Rxe6 46.Nxd3 Re4 47.Qf2+ Qd4 48.Qxd4+ Rxd4 49.Nb2 Rb4
50.Rd2 Bf6 51.Nd3 Rxa4 52.Nc5 Rh4+  0-1

[Event "RUS-ch"]
[Site "Elista"]
[Date "1994.??.??"]
[Round "2"]
[White "Ibragimov, Ildar"]
[Black "Yemelin, Vasily"]
[Result "0-1"]
[WhiteElo "2480"]
[BlackElo "2520"]

1.d4 Nf6 2.c4 e6 3.Nc3 Bb4 4.e3 b6 5.Bd3 Bb7 6.Nf3 O-O 7.O-O c5 8.Na4 cxd4
9.a3 Be7 10.exd4 Qc7 11.Nc3 d5 12.Nb5 Qd8 13.Bf4 Nc6 14.Rc1 a6 15.Nc3 Rc8
16.cxd5 Nxd5 17.Be3 Na5 18.Ne5 Bf6 19.Qe2 Nxc3 20.Rxc3 Rxc3 21.bxc3 b5 22.f4 g6
23.a4 Qc7 24.axb5 axb5 25.Bxb5 Qxc3 26.Rc1 Qb4 27.Bd3 Nb3 28.Rc4 Qd6 29.Qb2 Qd5
30.Rb4 Nc5 31.Bf1 Ra8 32.dxc5 Ra2 33.Rxb7 Rxb2 34.Rxb2 Be7 35.Rc2 Qb3 36.Re2 Qc3
37.Nd7 Qd3 38.c6  0-1

[Event "RUS-ch"]
[Site "Elista"]
[Date "1994.??.??"]
[Round "3"]
[White "Sokolov, Andrei"]
[Black "Ibragimov, Ildar"]
[Result "1/2-1/2"]
[WhiteElo "2580"]
[BlackElo "2480"]

1.e4 e5 2.Nf3 Nc6 3.Bb5 a6 4.Ba4 Nf6 5.O-O Be7 6.Re1 b5 7.Bb3 d6 8.c3 O-O
9.h3 Re8 10.d4 Bb7 11.a4 h6 12.Nbd2 Bf8 13.Bc2 Qd7 14.d5 Ne7 15.c4 c6 16.dxc6 Bxc6
17.axb5 axb5 18.Rxa8 Rxa8 19.cxb5 Bxb5 20.Nb1 Nc6 21.Nc3 Nb4 22.Nxb5 Qxb5
23.Bd2 Ra1 24.Bb1 d5 25.Nxe5 dxe4 26.Ng4 Nxg4 27.hxg4 Nd3  1/2-1/2

[Event "RUS-ch"]
[Site "Elista"]
[Date "1994.??.??"]
[Round "4"]
[White "Ibragimov, Ildar"]
[Black "Tregubov, Pavel V"]
[Result "0-1"]
[WhiteElo "2480"]
[BlackElo "2545"]

1.c4 c5 2.Nf3 Nc6 3.e3 e5 4.Nc3 Nf6 5.b3 g6 6.Bb2 Bg7 7.Be2 O-O 8.d3 d5 9.cxd5 Nxd5
10.Rc1 Be6 11.O-O b6 12.Qc2 Rc8 13.Qb1 f5 14.Qa1 Qe7 15.Nb1 Bf7 16.Nbd2 Rfe8
17.Rfe1 Rcd8 18.a3 Na5 19.Bd1 g5 20.g3 g4 21.Nh4 Qg5 22.Nf1 f4 23.e4 fxg3
24.hxg3 Nf4 25.gxf4 Qxh4 26.b4 Re6 27.Ng3 Rh6 28.Bxe5 Rxd3 29.Kf1 Rxg3 30.Rc3 Bxe5
31.fxe5 Rxc3 32.Qxc3 Bc4+  0-1

[Event "RUS-ch"]
[Site "Elista"]
[Date "1994.??.??"]
[Round "6"]
[White "Ibragimov, Ildar"]
[Black "Zakharevich, Igor"]
[Result "1-0"]
[WhiteElo "2480"]
[BlackElo "2415"]

1.e4 d6 2.d4 Nf6 3.Bd3 g6 4.c3 Bg7 5.Nf3 O-O 6.O-O c5 7.h3 Nc6 8.dxc5 dxc5
9.Re1 Nd7 10.Be3 b6 11.Bf1 Bb7 12.Nbd2 Qc8 13.a4 Ba6 14.Bb5 Rd8 15.Qe2 Bb7
16.Red1 a6 17.Bd3 Nce5 18.Bc2 a5 19.Bg5 Ba6 20.Qe3 Bf6 21.Bxf6 exf6 22.Ne1 Nf8
23.f4 Nc4 24.Nxc4 Bxc4 25.Nf3 Ra7 26.Rd2 Rad7 27.Rad1 Qc7 28.Kf2 Ne6 29.g3 Rxd2+
30.Rxd2 Rxd2+ 31.Qxd2 Qc6 32.h4 h5 33.Ne1 Nf8 34.Ng2 Qe6 35.Ne3 Ba6 36.f5 Qd7
37.Nd5 Qd6 38.Qf4 Qxf4+ 39.gxf4 Nd7 40.Ne7+ Kg7 41.Ke3 Bc4 42.Bd3 Bxd3 43.Kxd3 Kh6
44.fxg6 fxg6 45.Kc4 g5 46.Kd5 gxf4 47.Kc6 Ne5+ 48.Kxb6 Nc4+ 49.Kxc5 Nxb2
50.Kb5 f3 51.Nf5+ Kg6 52.Kxa5 f2 53.Ng3 Kf7 54.Kb5 Nd1 55.Kc4 Nb2+ 56.Kb5 Nd1
57.Kb4 Ke6 58.a5 Kd7 59.Nf1 Nb2 60.Kc5 Na4+ 61.Kd4 Kc6 62.c4 Nb2 63.Ng3 Nd1
64.Kd3 Nb2+ 65.Ke2 Nxc4 66.a6 Ne5 67.Kxf2 Ng6 68.Nxh5 Nxh4 69.Nf4  1-0

[Event "RUS-ch"]
[Site "Elista"]
[Date "1994.??.??"]
[Round "8"]
[White "Ibragimov, Ildar"]
[Black "Ruban, Vadim"]
[Result "1-0"]
[WhiteElo "2480"]
[BlackElo "2560"]

1.d4 d5 2.Nf3 Nf6 3.c4 e6 4.e3 c5 5.Nc3 Nc6 6.a3 Ne4 7.Qc2 Nxc3 8.Qxc3 cxd4
9.exd4 Be7 10.c5 a5 11.Bb5 Bd7 12.b3 O-O 13.Bxc6 Bxc6 14.a4 b6 15.Ba3 bxc5
16.Bxc5 Bxc5 17.Qxc5 Rc8 18.Qa3 Rb8 19.Rc1 Bd7 20.O-O Qb6 21.Rc3 Qb4 22.Qa1 Rfc8
23.Rfc1 f6 24.h3 Re8 25.Re3 Rbc8 26.Rcc3 Rxc3 27.Qxc3 Qxc3 28.Rxc3 Kf7 29.Kf1 Ke7
30.Ke2 Rb8 31.Nd2 g5 32.Rc5 Ra8 33.Kd3 Kd6 34.Nf1 h5 35.Ne3 f5 36.f3 Bc6
37.Rc3 Rb8 38.Nc2 f4 39.Kd2 Rb6 40.Ne1 Rb4 41.Rd3 Bb7 42.Kc3 Ba6 43.Rd2 Rb8
44.Nc2 g4 45.hxg4 hxg4 46.fxg4 Rc8+ 47.Kb2 Rg8 48.Ne1 Rxg4 49.Nf3 Rg3 50.Rf2 Bd3
51.b4 axb4 52.Kb3 Rg7 53.Ne5 Be4 54.Rxf4 Bxg2 55.a5 Be4 56.Rf8 Ke7 57.Rb8 Rg1
58.a6  1-0

[Event "Graz op"]
[Site "Graz"]
[Date "1994.??.??"]
[Round "3"]
[White "Ibragimov, Ildar"]
[Black "Stajcic, Nikola"]
[Result "1-0"]
[WhiteElo "2525"]
[BlackElo "2350"]

1.c4 Nf6 2.Nc3 c6 3.e4 d5 4.exd5 cxd5 5.d4 e6 6.Nf3 Bb4 7.Bd3 O-O 8.O-O Nbd7
9.cxd5 exd5 10.Qb3 Bxc3 11.bxc3 Re8 12.Bf4 Nf8 13.Rfe1 Ng6 14.Bg5 Rxe1+ 15.Rxe1 h6
16.Bxf6 gxf6 17.Qb5 Ne7 18.Nh4 a6 19.Qb2 Qc7 20.Qd2 Kg7 21.Re3 Ng8 22.Rg3+ Kh8
23.Bc2 Qc4 24.Rxg8+ Kxg8 25.Qxh6 Qc7 26.Bh7+ Kh8 27.Be4+ Kg8 28.Ng6  1-0

[Event "Graz op"]
[Site "Graz"]
[Date "1994.??.??"]
[Round "5"]
[White "Ibragimov, Ildar"]
[Black "Teske, Henrik"]
[Result "1-0"]
[WhiteElo "2525"]
[BlackElo "2495"]

1.d4 e6 2.c4 b6 3.Nc3 Bb7 4.e3 Nf6 5.Nf3 Bb4 6.Bd3 O-O 7.O-O c5 8.Na4 cxd4
9.a3 Be7 10.exd4 d6 11.b4 Nbd7 12.Bb2 Qc7 13.Re1 Rac8 14.Rc1 Rfe8 15.Nc3 Qb8
16.d5 e5 17.Nd2 g6 18.Bf1 Nh5 19.Nb3 f5 20.a4 Bg5 21.Rc2 e4 22.Nxe4 fxe4
23.Qg4 Bf6 24.Qxd7 Bxd5 25.Nd4 Bb7 26.Nb5 Bxb2 27.Rxb2 Rcd8 28.Qc7 Qxc7 29.Nxc7 Re7
30.Nb5 a6 31.Nc3 Kf7 32.Rd2 Re5 33.Rd4 Nf4 34.Nxe4 Ne6 35.Nxd6+ Rxd6 36.Rxd6 Rxe1
37.Rd7+ Kf6 38.Rxb7 Ra1 39.Rxb6 Rxa4 40.g3 Ke7 41.Rb7+ Kf6 42.Rb6 Ke7 43.h4 Ra1  1-0

[Event "Graz op"]
[Site "Graz"]
[Date "1994.??.??"]
[Round "6"]
[White "Ibragimov, Ildar"]
[Black "Sakalauskas, Vaidas"]
[Result "1-0"]
[WhiteElo "2525"]
[BlackElo "2275"]

1.c4 Nf6 2.Nc3 d5 3.cxd5 Nxd5 4.g3 g6 5.Bg2 Nb6 6.d3 Bg7 7.Be3 O-O 8.Qc1 e5
9.Bh6 Re8 10.Bxg7 Kxg7 11.Nf3 Nc6 12.O-O Nd4 13.Nd2 c6 14.e3 Nf5 15.Rd1 Qe7
16.Nf3 f6 17.Ne4 Be6 18.Nc5 Bf7 19.d4 Rad8 20.b4 exd4 21.e4 Nd6 22.Nxd4 Ndc4
23.a4 a5 24.Bh3 Kh8 25.Qc3 axb4 26.Qxb4 Nd7 27.Nxc6 bxc6 28.Rxd7 Rxd7 29.Bxd7 Rd8
30.Bh3 Rd2 31.Rb1 Ne5 32.Bg2 Qd8 33.Qb8 Qxb8 34.Rxb8+ Kg7 35.Rb1 Rc2 36.Nb7 Ra2
37.Nc5 Rc2 38.Nb7 Ra2 39.Nd6 Rxa4 40.Rb7 Rd4 41.Nxf7 Nxf7 42.Rc7 Rd1+ 43.Bf1 Rc1
44.Kg2 Kg8 45.Bb5 Ne5 46.Ba4 c5 47.f4 Nd3 48.Kf3 Rc3 49.Ke2 Nb2 50.Bb5 Rc2+
51.Ke3 Nd1+ 52.Kd3 Rxh2 53.e5 Nf2+ 54.Kc4 fxe5 55.fxe5 Ne4 56.Bc6 Nxg3 57.e6 Nf5
58.e7 Nxe7 59.Rxe7 Kf8 60.Ra7 h5 61.Kxc5 Rf2 62.Bd5 Rf6 63.Rb7 Rf4 64.Kd6 Rf6+
65.Be6 Rf2 66.Ke5 Rf1 67.Bc4 Rf5+ 68.Ke6 Rf3 69.Bd5 Rf4 70.Ke5 Rf5+ 71.Ke4 Rf6
72.Bc4 Rf2 73.Ra7 Rf5 74.Be6 Rf6 75.Ke5 Rf1 76.Bc4 Rf5+ 77.Ke6 Rf3 78.Rd7 h4
79.Bd3 h3 80.Bxg6 h2 81.Rh7 Rf2 82.Be4 Kg8 83.Rh4 Kg7 84.Ke5 Kf7 85.Rh7+ Kf8
86.Kd4 Rd2+ 87.Ke3 Rb2 88.Rh4 Kg7 89.Bf3 Kf6 90.Be2 Rb3+ 91.Kf2 Kg5 92.Rxh2 Kf4
93.Rh4+ Kg5 94.Ra4 Rc3 95.Bf3 Rb3 96.Kg3 Rb5 97.Rg4+ Kf5 98.Rh4 Kf6 99.Be4 Ra5
100.Kf4 Rb5  1-0

[Event "Groningen op"]
[Site "Groningen"]
[Date "1994.??.??"]
[Round "1"]
[White "Ibragimov, Ildar"]
[Black "Daudzvardis, Janis"]
[Result "1/2-1/2"]
[WhiteElo "2480"]
[BlackElo "2285"]

1.d4 c5 2.d5 e5 3.dxe6 fxe6 4.e4 Nc6 5.Nc3 Nf6 6.Bg5 Be7 7.Bxf6 Bxf6 8.Qh5+ g6
9.Qxc5 Bd4 10.Qa3 Qh4 11.O-O-O Qxf2 12.Nb5 Bc5 13.Qf3 Qxf3 14.Nxf3 Ke7 15.e5 a6
16.Nd6 Be3+ 17.Kb1 Bf4 18.Re1 Rf8 19.Bd3 Kd8 20.c4 Kc7 21.c5 b6 22.cxb6+ Kxb6
23.Re4 Kc7 24.Rd1 g5 25.Rc4 Rb8 26.Be4 Rb4 27.g3 Rxc4 28.Nxc4 g4 29.Bxc6 gxf3
30.Bxf3 Bxg3 31.hxg3 Rxf3 32.Rc1 Kb8 33.Nb6 Bb7 34.Nxd7+ Ka7 35.Rc7 Ka8 36.Nc5 Bd5
37.Rg7 a5 38.b3 Re3 39.Nd7 Kb7 40.Kb2 Kc6 41.Rxh7 a4 42.bxa4 Rxg3 43.Nf6 Rg2+
44.Kc3 Bxa2 45.Rd7 Kb6 46.Kb4 Rb2+ 47.Ka3 Re2 48.Rd8 Kc5 49.Rd6 Bb1 50.Rxe6 Bf5
51.Nd7+ Kd4 52.Rd6+ Kc3 53.a5 Bd3 54.Nc5 Rxe5 55.Rxd3+ Kc4 56.Ka4 Rxc5 57.Rd6 Rc8
58.Rd1 Rc6 59.Rh1 Kc5 60.Rh5+ Kc4 61.Rb5 Rh6 62.Rb1 Rc6 63.Rb6 Kc5  1/2-1/2

[Event "Groningen op"]
[Site "Groningen"]
[Date "1994.??.??"]
[Round "2"]
[White "Garcia, Alvaro"]
[Black "Ibragimov, Ildar"]
[Result "0-1"]
[WhiteElo "2295"]
[BlackElo "2480"]

1.d4 d5 2.c4 dxc4 3.Nc3 a6 4.a4 Nc6 5.Nf3 Nf6 6.a5 e6 7.e4 Bb4 8.Bg5 h6 9.Bxf6 Qxf6
10.e5 Qe7 11.Bxc4 O-O 12.Qe2 Nxa5 13.Bd3 Bd7 14.Qe4 g6 15.Qf4 Kg7 16.O-O Bxc3
17.bxc3 Bb5 18.Bxb5 axb5 19.Rab1 c6 20.Nd2 Qg5 21.Qxg5 hxg5 22.Ne4 Nc4 23.Ra1 g4
24.Nf6 Nb6 25.Rac1 Nd5 26.Nd7 Rfd8 27.Nc5 Ra3 28.Nxb7 Rb8 29.Nd6 Nxc3 30.Rc2 b4
31.f3 gxf3 32.Rxf3 Ra7 33.Rb2 Ra1+ 34.Rf1 Rxf1+ 35.Kxf1 b3 36.Ke1 Rb4 37.Kd2 Na4
38.Rb1 Rxd4+ 39.Ke3 Rb4 40.Kd3 c5 41.Nc4 g5 42.h3 Kg6 43.g4 b2 44.Nd2 Rd4+
45.Kc2 c4 46.Rf1 c3 47.Nf3 Re4 48.Re1 Rxe1 49.Nxe1 Nc5  0-1

[Event "Groningen op"]
[Site "Groningen"]
[Date "1994.??.??"]
[Round "3"]
[White "Krays, Alexander"]
[Black "Ibragimov, Ildar"]
[Result "1-0"]
[WhiteElo "2385"]
[BlackElo "2480"]

1.e4 d6 2.d4 Nf6 3.Nc3 g6 4.Bg5 Bg7 5.Qd2 h6 6.Be3 Ng4 7.Bf4 e5 8.dxe5 dxe5
9.Qxd8+ Kxd8 10.O-O-O+ Nd7 11.Bg3 h5 12.h3 Nh6 13.Nf3 f6 14.Nxe5 fxe5 15.Bh4+ g5
16.Bxg5+ Ke8 17.Nd5 Kf7 18.Nxc7 Rb8 19.Rd6 Bf6 20.h4 Ng4 21.Bc4+ Kf8 22.Bb5 Bxg5+
23.hxg5 Nxf2 24.Rf1 Ke7 25.Rh6 Rf8 26.Nd5+ Ke8 27.Nf6+ Rxf6 28.gxf6 Nxe4
29.Bxd7+ Bxd7 30.Rh8+ Kf7 31.Rxb8 Bc6 32.Rh8  1-0

[Event "Ikaria op"]
[Site "Ikaria"]
[Date "1994.??.??"]
[Round "2"]
[White "Ibragimov, Ildar"]
[Black "Mamedova, Rena"]
[Result "1-0"]
[WhiteElo "2480"]
[BlackElo "2155"]

1.c4 e5 2.Nc3 d6 3.Nf3 f5 4.d4 e4 5.Bg5 Be7 6.Bxe7 Qxe7 7.Ng1 Nf6 8.e3 O-O
9.Nh3 c6 10.Nf4 g5 11.Nh5 f4 12.Nxf6+ Rxf6 13.h4 g4 14.exf4 e3 15.g3 Bf5
16.Bd3 Bxd3 17.Qxd3 Re6 18.f5 exf2+ 19.Kxf2 Qf7 20.Kg2 Rf6 21.Rhf1 Na6 22.Ne4 Rh6
23.Qe3 Qf8 24.Rae1 d5 25.cxd5 cxd5 26.Nc3 Nb4 27.Re2 Rd6 28.f6 Nc6 29.Qf4 Kh8
30.f7 Rad8 31.Re8  1-0

[Event "Ikaria op"]
[Site "Ikaria"]
[Date "1994.??.??"]
[Round "4"]
[White "Ibragimov, Ildar"]
[Black "Saric, Igor"]
[Result "1-0"]
[WhiteElo "2480"]
[BlackElo "2320"]

1.c4 e5 2.Nc3 Nc6 3.g3 d6 4.Bg2 Be6 5.d3 Qd7 6.Rb1 Nf6 7.Nd5 Nd8 8.Bg5 Ng8
9.e4 c6 10.Nc3 h6 11.Be3 Nf6 12.Nf3 Bh3 13.O-O Be7 14.d4 Bxg2 15.Kxg2 Ng4
16.Bc1 Ne6 17.d5 cxd5 18.cxd5 Nc5 19.b4 Na6 20.h3 Nf6 21.Qd3 O-O 22.Be3 Rfc8
23.Rfc1 Bd8 24.Nd2 Nc7 25.Rc2 Nh7 26.Rbc1 Bg5 27.f4 Bf6 28.Nf3 exf4 29.gxf4 g5
30.Ne2 g4 31.Nfd4 gxh3+ 32.Kh2 Na6 33.a3 Kh8 34.Nf5 Rg8 35.Neg3 Bd8 36.Bd4+ f6
37.Nh5 Qe8 38.Qf3 Rg6 39.Nxd6 Qd7 40.Nf5 Bb6 41.Qxh3 Rag8 42.Bxb6 axb6 43.Nh4 Rg4
44.Rg1 Qa4 45.Rcg2 Rxg2+ 46.Rxg2 Rxg2+ 47.Qxg2  1-0

[Event "Ikaria op"]
[Site "Ikaria"]
[Date "1994.??.??"]
[Round "8"]
[White "Ibragimov, Ildar"]
[Black "Nenashev, Alexander"]
[Result "0-1"]
[WhiteElo "2480"]
[BlackElo "2575"]

1.d4 Nf6 2.c4 g6 3.Nc3 Bg7 4.e4 d6 5.Bg5 h6 6.Bh4 c5 7.d5 Qa5 8.f3 O-O 9.Bd3 Nbd7
10.Ne2 Ne5 11.O-O a6 12.a4 e6 13.Be1 Qc7 14.Rb1 exd5 15.Nxd5 Nxd5 16.cxd5 b5
17.axb5 Qb6 18.Kh1 f5 19.Bc3 axb5 20.b4 c4 21.Bc2 f4 22.Qd2 g5 23.Bd4 Qd8
24.Nc3 Bd7 25.Bd1 Qf6 26.Qc1 Qg6 27.Qd2 Ra3 28.Be2 Rfa8 29.Nd1 g4 30.fxg4 Qxe4
31.Nc3 Qg6 32.Qxf4 Bxg4 33.Bxg4 Nxg4 34.Nxb5 Rf8 35.Qxf8+ Bxf8 36.Nxa3 Qd3
37.Nb5 c3 38.h3 c2 39.Rbc1 Ne5 40.Nc7 Qxd4 41.Rxc2 Be7 42.b5 Bd8 43.Ne6 Qd3
44.Rcc1 Be7 45.b6 Qxd5 46.Rc8+ Kh7 47.b7 Qb5 48.Rfc1 Qxb7 49.R8c7 Qa6 50.Rxe7+ Kg6
51.Rec7 Kf6 52.Nf4 Kf5 53.Nd5 Qd3 54.Ne7+ Kg5 55.Nc6 Ng6 56.Rf7 Nf4 57.Rf1 Qxf1+  0-1

[Event "Linares op"]
[Site "Linares"]
[Date "1994.??.??"]
[Round "3"]
[White "Foisor, Cristina Adela B"]
[Black "Ibragimov, Ildar"]
[Result "0-1"]
[WhiteElo "2400"]
[BlackElo "2525"]

1.c4 e5 2.g3 Nc6 3.Bg2 g6 4.Nc3 Bg7 5.Rb1 a5 6.e3 d6 7.Nge2 h5 8.h3 Be6 9.d3 Qd7
10.Nd5 Nf6 11.Nec3 Nh7 12.a3 O-O 13.b4 axb4 14.axb4 f5 15.b5 Nd8 16.b6 c6
17.Nc7 Rb8 18.Nxe6 Nxe6 19.Ne2 g5 20.f4 exf4 21.gxf4 gxf4 22.exf4 Nd4 23.Nxd4 Bxd4
24.Qxh5 Qg7 25.Qf3 Rbe8+ 26.Kd1 Re6 27.Re1 Rfe8 28.Rxe6 Rxe6 29.Qf1 Rg6 30.Bxc6 Rg1
31.Bd5+ Kf8 32.Qxg1 Qxg1+ 33.Kc2 Qf2+ 34.Bd2 Be3 35.Rd1 Nf6 36.Bxb7 Bxd2
37.Rxd2 Qxb6 38.Bc8 Qc5 39.Be6 Nh5 40.d4 Qa5 41.d5 Qa4+ 42.Kc3 Qa3+  0-1

[Event "Linares op"]
[Site "Linares"]
[Date "1994.??.??"]
[Round "6"]
[White "Ibragimov, Ildar"]
[Black "Hernandez, Gilberto"]
[Result "1-0"]
[WhiteElo "2525"]
[BlackElo "2485"]

1.d4 Nf6 2.c4 g6 3.Nc3 Bg7 4.e4 d6 5.f3 O-O 6.Be3 e5 7.Nge2 c6 8.Qb3 Nbd7
9.O-O-O Qe7 10.Qa3 exd4 11.Nxd4 a6 12.Be2 c5 13.Nc2 b5 14.cxb5 Bb7 15.bxa6 Bxa6
16.Bxa6 Nb8 17.Bb5 Rxa3 18.Nxa3 Nbd7 19.Nc4 Ne8 20.Nd5 Qe6 21.Nf4 Qe7 22.Nd5 Qe6
23.a4 f5 24.Nf4 Qe7 25.Nd5 Qd8 26.h4 Ne5 27.Bg5 Qb8 28.Nxe5 Bxe5 29.Ne7+ Kg7
30.Nc6 Qb6 31.Nxe5 dxe5 32.Rd7+ Rf7 33.Rhd1 Nf6 34.R7d6 Qb8 35.Bc4 Rf8 36.Rxf6  1-0